[Event "38th IND-chT 2018"]
[Site "Patia"]
[Date "2018.02.08"]
[Round "1"]
[White "Karthikeyan Pandiyan"]
[Black "Sriansh Das"]
[Result "1-0"]
[WhiteElo "1422"]
[BlackElo "1389"]
[Annotator "NA RC"]
[PlyCount "48"]
[EventDate "2018.??.??"]
[EventType "team-tourn"]
[EventCountry "IND"]
[SourceTitle "playchess.com"]
[Source "ChessBase"]
[SourceQuality "1"]
[TimeControl "5400+30"]

1. Nf3 d5 2. d4 Bf5 3. c4 e6 4. Qb3 b6 5. Nc3 dxc4 6. Qxc4 h6 7. e4 Bh7 8. Ne5 Nf6 9. Qa4+ Nfd7 10. Bb5 a6 11. Nxd7 axb5 12. Qxa8 Nxd7 13. Qxd8+ Kxd8 14. f3 Bb4 15. O-O c6 16. a4 Bxc3 17. bxc3 bxa4 18. Rxa4 Ke7 19. Ba3+ c5 20. Ra7 Rc8 21. dxc5 bxc5 22. Rd1 Rd8 23. Bxc5+ Ke8 24. Bb4 Ne5 1-0

[Event "38th IND-chT 2018"]
[Site "Patia"]
[Date "2018.02.08"]
[Round "1"]
[White "Srikanth K"]
[Black "Shyam, Sundar M."]
[Result "0-1"]
[WhiteElo "1414"]
[BlackElo "2521"]
[Annotator "TA"]
[PlyCount "64"]
[EventDate "2018.??.??"]
[EventType "team-tourn"]
[EventCountry "IND"]
[SourceTitle "playchess.com"]
[Source "ChessBase"]
[SourceQuality "1"]

{[%evp 29,64,0,-18,-91,-102,-182,-187,-184,-210,-234,-234,-217,-209,-581,-566,-758,-758,-749,-747,-715,-498,-516,-514,-510,-512,-496,-492,-597,-604,-633,-610,-612,-590,-654,-648,-694,-688]} 1. e4 e5 2. Nf3 Nc6 3. Bc4 Bc5 4. O-O Nf6 5. d3 d6 6. c3 a6 7. Bb3 Ba7 8. Re1 O-O 9. Nbd2 Ng4 10. Re2 Kh8 11. h3 Nh6 12. Nf1 f5 13. Bg5 {C54: Italienische Partie (Hauptvariante)} (13. d4 fxe4 14. Rxe4 Bf5 15. Re1 exd4 16. cxd4 Qf6 17. Be3 Bxh3 18. N1h2 Bf5 19. Rc1 Rae8 20. Qd2 Ng4 21. Nxg4 Bxg4 {0-1 (29) Ehlvest,J (2536)-Neiksans,A (2582) Liepaja 2017}) 13... Qe8 14. Bxh6 gxh6 15. exf5 Bxf5 {LiveBook: 3 Partien} 16. Nh4 $146 {[#]} (16. Qd2 $11 {bleibt in der Remisbreite.}) ({Vorgänger:} 16. Bd5 Ne7 17. Bxb7 Rb8 18. Be4 Bxe4 19. Rxe4 Rxb2 20. d4 Qg6 21. Ng3 Nd5 22. Qc1 Rfb8 23. Nh4 Qg5 24. c4 Nf6 25. Qxg5 hxg5 26. Nhf5 Nxe4 27. Nxe4 Rb1+ {0-1 (27) Bezuch,M (2291)-Talla,V (2395) Tatranske Zruby 2012}) 16... Bd7 $1 $17 17. d4 (17. Nh2 $17) 17... Qe7 $19 18. Re4 Qg7 {[%cal Re5d4]} 19. Re3 exd4 20. Rg3 Qf6 21. Qh5 $2 {[#]} (21. Nf3) 21... Ne5 {Schwarz steht klar auf Gewinn.} 22. cxd4 Bxd4 23. Kh2 Bxf2 24. Rc1 Be8 25. Qf5 Qxf5 26. Nxf5 Bg6 27. Nxh6 Bxg3+ 28. Kxg3 Nd3 29. Rd1 Nxb2 30. Rd2 Nd3 31. Ne3 Rae8 32. Neg4 Nc5 {Precision: Weiß = 29%, Schwarz = 86%.} 0-1

[Event "38th IND-chT 2018"]
[Site "Patia"]
[Date "2018.02.09"]
[Round "2"]
[White "Adhiban, B.."]
[Black "Kaustuv, Kundu"]
[Result "1-0"]
[WhiteElo "2643"]
[BlackElo "2336"]
[Annotator "TA"]
[PlyCount "93"]
[EventDate "2018.??.??"]
[EventType "team-tourn"]
[EventCountry "IND"]
[SourceTitle "playchess.com"]
[Source "ChessBase"]
[SourceQuality "1"]

{[%evp 22,93,48,43,48,37,49,46,45,59,56,41,86,74,70,66,66,75,72,72,74,44,68,55,71,21,21,24,16,0,64,64,53,9,53,34,30,31,26,0,0,0,32,25,27,27,31,25,39,32,43,20,20,29,70,7,19,0,58,77,96,64,322,322,322,322,304,310,821,820,821,821,806,798]} 1. d4 Nf6 2. c4 g6 3. g3 Bg7 4. Bg2 O-O 5. Nc3 d6 6. Nf3 Nc6 7. O-O a6 8. b3 Rb8 9. d5 Na5 {E63: King's Indian: Fianchetto: Panno Variation with 7...a6} 10. Bg5 (10. Bd2 c5 11. dxc6 Nxc6 12. Qc1 Bd7 13. Bh6 b5 14. Bxg7 Kxg7 15. cxb5 axb5 16. Qb2 Kg8 17. b4 Qb6 18. Rfd1 Rfc8 {½-½ (77) Inarkiev,E (2689)-Zhao,J (2604) Riadh 2017}) 10... c5 11. dxc6 Nxc6 12. Rc1 {LiveBook: 8 Games} h6 13. Be3 Ng4 14. Bd2 Bd7 15. Nd5 e6 $146 ({Find the theoretical novelty and annotate with similar games:} 15... Kh7 16. Ne1 b5 17. h3 {1-0 (44) Hoefelsauer,T (2395)-Eggenstein,F (2047) Vellmar 2017}) 16. Nc3 {[%cal Bd5c3,Bc3e4,Be4c5,Bc5d3][%mdl 32]} Nce5 17. Nxe5 Nxe5 18. Ne4 d5 19. cxd5 exd5 20. Nc5 Bc6 21. Bf4 Qa5 22. a4 Rbd8 23. Qe1 Qb6 $1 24. Bxe5 Bxe5 25. Nd3 Bg7 (25... Bd6 $11) 26. Qb4 $14 Qc7 27. Qf4 Qe7 28. Bf3 Rd6 29. Rc2 a5 30. Rc5 b6 31. Rc2 Bb7 32. Rfc1 Ba6 33. Rc7 Qe6 34. Qd2 Bxd3 35. Qxd3 Bb2 {[%cal Bg7b2,Bb2a3,Ba3b4][%mdl 32]} 36. R1c2 Ba3 37. Kg2 Bb4 38. Qd4 (38. Ra7 $14) 38... Re8 39. e3 Qe5 ({Black should try} 39... h5 $11) 40. Rc8 {aiming for Qxe5.} Qe6 41. Bg4 $40 {[%mdl 128] White attacks.} f5 $2 {[%mdl 8192] [#]} (41... Qe7 $14) 42. R2c7 $1 $18 {[%csl Gc7][%cal Rd4g7][%mdl 512]} Rd7 {And now ...Bc5 would win.} 43. Bf3 Rxc8 44. Rxc8+ Kf7 $2 (44... Bf8 45. Rb8 h5 46. Rxb6 Qe8) 45. Qh8 {White is clearly winning.} h5 46. Rg8 {[%csl Gg8][%cal Rh8g7]} Qf6 {[#]} 47. Bxd5+ $1 {[%mdl 512] Precision: White = 62%, Black = 45%.} 1-0

[Event "38th IND-chT 2018"]
[Site "Patia"]
[Date "2018.02.09"]
[Round "2"]
[White "Karthikeyan, Murali"]
[Black "Saptorshi Gupta"]
[Result "1-0"]
[WhiteElo "2585"]
[BlackElo "2087"]
[Annotator "TA"]
[PlyCount "49"]
[EventDate "2018.??.??"]
[EventType "team-tourn"]
[EventCountry "IND"]
[SourceTitle "playchess.com"]
[Source "ChessBase"]
[SourceQuality "1"]

{[%evp 17,49,-2,35,26,39,14,42,28,20,16,54,29,39,0,0,0,0,0,0,0,0,0,98,-54,0,0,0,0,572,557,2480,1422,29991,29992]} 1. e4 c5 2. Nf3 d6 3. d4 cxd4 4. Nxd4 Nf6 5. Nc3 a6 6. Nb3 e6 {B90: Sizilianisch (Najdorf-Variante, Abweichungen)} 7. g4 Be7 (7... b5 8. Bg2 Bb7 9. g5 Nfd7 10. O-O Be7 11. f4 O-O 12. Qg4 Re8 13. Be3 Nc6 14. Rad1 {1-0 (51) Demchenko,A (2645)-Areshchenko,A (2652) Tbilisi 2017}) 8. Bg2 Nc6 9. Qe2 Qc7 {LiveBook: 3 Partien} 10. Be3 $146 ({Vorgänger:} 10. g5 Nd7 11. f4 b5 12. a3 Nc5 13. Nxc5 dxc5 14. Be3 {0-1 (38) Jakubiec,A (2509)-Lutz,C (2524) Germany 2016}) 10... b5 11. f4 Bb7 12. O-O-O Nd7 13. Kb1 Nb6 14. Bxb6 Qxb6 15. Nd5 exd5 16. exd5 Na7 $1 17. Rhe1 {[%csl Ge1][%cal Re2e7]} Nc8 {Droht stark ...0-0.} 18. Nd4 O-O {Weiss muss nun ...Dc5 beachten.} 19. g5 Ra7 {[#]} (19... Qc5 $11 {bleibt in der Remisbreite.}) 20. Rd3 $2 (20. Be4 $1 $16) 20... Ba8 ({Lieber} 20... g6 $15) 21. Qh5 $11 g6 22. Qh6 Bd8 $2 {[%mdl 8192] [#]} (22... f5 $1 $11 {und Schwarz muss sich keine Sorgen machen.}) 23. f5 $1 $18 {[%cal Rf5f6,Bf4f5,Bf5g6][%mdl 32] Weiss droht f6 und Matt.} ({Schwächer ist} 23. Rh3 f5 $17) 23... f6 {Wenn Schwarz jetzt Zeit für ...Se7 hätte...} 24. fxg6 fxg5 25. Rf3 {Precision: Weiß = 47%, Schwarz = 22%.} 1-0

[Event "38th IND-chT 2018"]
[Site "Patia"]
[Date "2018.02.09"]
[Round "2"]
[White "Shyam, Sundar M."]
[Black "Barath, Kalyan M"]
[Result "1-0"]
[WhiteElo "2521"]
[BlackElo "2127"]
[Annotator "TA"]
[PlyCount "71"]
[EventDate "2018.??.??"]
[EventType "team-tourn"]
[EventCountry "IND"]
[SourceTitle "playchess.com"]
[Source "ChessBase"]
[SourceQuality "1"]

{[%evp 21,70,31,31,31,31,32,32,32,32,39,56,56,53,55,54,45,44,37,37,36,72,65,135,45,44,36,52,37,288,72,455,483,461,389,491,492,794,790,792,790,760,770,669,721,2046,2066,29996,29997,29997,29998,29999]} 1. e4 c5 2. Nf3 e6 3. d4 cxd4 4. Nxd4 a6 5. Bd3 Nc6 6. Nxc6 dxc6 7. O-O e5 8. Nd2 Qc7 9. a4 Nf6 10. Nc4 Bc5 11. Qf3 O-O {LiveBook: 5 Games. B42: Sicilian: Kan Variation: 5 Bd3} 12. Bg5 Ne8 13. a5 Be6 {White is slightly better.} 14. Nb6 Rb8 {[#]} 15. Rfd1 $146 ({Predecessor:} 15. Be3 Bxe3 16. Qxe3 Rd8 17. Rfd1 Nd6 18. Qc5 f6 19. f3 {1-0 (46) Cuartas,J (2522)-Cruz,F (2442) Mollet del Valles 2011}) 15... f6 16. Be3 Bxe3 17. Qxe3 Nd6 18. Rd2 Rbd8 19. Rad1 Nf7 20. b4 Rd6 21. Na4 Rfd8 {[#]} (21... Ra8 $14) 22. Nc5 (22. Qa7 $1 $16) 22... Qe7 $14 23. h4 Rf8 24. f3 Rdd8 $2 {[%mdl 8192]} (24... Rfd8 $14) 25. c3 $2 (25. Nxe6 $18 {is the precise move to win.} Qxe6 26. Qc5) 25... Nd6 $2 {[%mdl 8192]} (25... Rd6 $16 {is more resistant.}) 26. Nxe6 $18 Qxe6 {[#]} 27. Qc5 $1 Nf7 28. Bc4 Rxd2 (28... Qc8 $142 29. Qe7 Rde8) 29. Rxd2 ({Not} 29. Bxe6 Rxd1+ 30. Kf2 Re8 $11) 29... Qe8 30. Qd6 Kh8 31. Qc7 Nh6 32. Rd7 Qg6 33. Rd8 Rg8 34. Qc8 {White mates.} Rxd8 35. Qxd8+ Ng8 36. Qxg8# {Precision: White = 58%, Black = 26%.} 1-0

[Event "38th IND-chT 2018"]
[Site "Patia"]
[Date "2018.02.09"]
[Round "2"]
[White "Karthikeyan, P.."]
[Black "Sudhakar, Prem Dutt"]
[Result "*"]
[WhiteElo "2464"]
[BlackElo "1737"]
[Annotator "TA"]
[PlyCount "35"]
[EventDate "2018.??.??"]
[EventType "team-tourn"]
[EventCountry "IND"]
[SourceTitle "playchess.com"]
[Source "ChessBase"]
[SourceQuality "1"]

{[%evp 18,19,47,18]} 1. c4 c5 2. Nf3 g6 3. Nc3 Bg7 4. d4 cxd4 5. Nxd4 Nc6 6. Nc2 Nf6 7. e4 O-O 8. Be2 d6 9. O-O Be6 10. Rb1 {LiveBook: 34 Games} {Find the theoretical novelty and annotate with similar games:} a5 $146 11. b3 a4 12. b4 Rc8 13. f4 Qb6+ 14. Be3 Qd8 15. Qd3 Nb8 16. Na3 Bd7 17. h3 b6 18. Rfd1 {1-0 (49) Kosteniuk,A (2541)-Hou,Y (2673) Beijing 2014} *

[Event "38th IND-chT 2018"]
[Site "Patia"]
[Date "2018.02.09"]
[Round "2"]
[White "Karthikeyan, P.."]
[Black "Sudhakar, Prem Dutt"]
[Result "1-0"]
[WhiteElo "2464"]
[BlackElo "1737"]
[Annotator "TA"]
[PlyCount "63"]
[EventDate "2018.??.??"]
[EventType "team-tourn"]
[EventCountry "IND"]
[SourceTitle "playchess.com"]
[Source "ChessBase"]
[SourceQuality "1"]

{[%evp 18,63,38,20,45,27,59,57,60,54,67,64,87,74,130,88,145,116,143,158,257,241,397,397,583,550,582,497,582,580,562,567,558,533,560,545,492,357,315,241,266,281,347,347,347,347,29991,29992]} 1. c4 c5 2. Nf3 g6 3. Nc3 Bg7 4. d4 cxd4 5. Nxd4 Nc6 6. Nc2 Nf6 7. e4 O-O 8. Be2 d6 9. O-O Be6 10. Rb1 Rc8 {B37: Sicilian: Maroczy Bind with 5...Bg7, sidelines} (10... a5 11. b3 a4 12. b4 Rc8 13. f4 Qb6+ 14. Be3 Qd8 15. Qd3 Nb8 16. Na3 Bd7 17. h3 b6 18. Rfd1 {1-0 (49) Kosteniuk,A (2541)-Hou,Y (2673) Beijing 2014}) 11. Be3 b6 12. Qd2 $146 ({Predecessor:} 12. f3 Ne8 13. Nd5 Bd7 14. b3 f5 15. exf5 Bxf5 16. Bd3 Bd7 17. Qd2 Nf6 18. Nxf6+ Bxf6 {½-½ (55) Hahn,A (2218)-Xu,Y (2505) New Delhi 2000}) 12... Qd7 {White is slightly better.} 13. f3 Rfd8 14. b3 Qb7 15. Nd5 Bxd5 (15... Nd7 $142) 16. exd5 Ne5 ({Black should play} 16... Nb8) 17. Nd4 Re8 18. g4 h5 (18... Ned7 $16 19. Rbc1 Bh8) 19. gxh5 $18 gxh5 $2 (19... e6 {was called for.} 20. dxe6 fxe6) 20. Kh1 Qd7 (20... Kh8 {was worth a try.} 21. Bh6 Rg8) 21. Rg1 Kh8 22. Bh6 Rg8 23. Bxg7+ Rxg7 24. Rxg7 ({Less strong is} 24. Qh6+ Rh7 $16) 24... Kxg7 25. Rg1+ Ng6 26. Bd3 Rg8 27. Bf5 Qe8 28. Ne6+ Kh7 {[#]} 29. Nf4 $1 Kg7 30. Nxg6 fxg6 31. Rxg6+ ({Resist} 31. Bxg6 Qf8) 31... Kh8 $2 {[#]} (31... Qxg6 $18 32. Bxg6 Kxg6) 32. Rxf6 $1 {[%mdl 512] Precision: White = 75%, Black = 14%.} 1-0

[Event "38th IND-chT 2018"]
[Site "Patia"]
[Date "2018.02.09"]
[Round "2"]
[White "Himanshu, Sharma"]
[Black "Thanki, Hemal Karsanji"]
[Result "1/2-1/2"]
[WhiteElo "2425"]
[BlackElo "2073"]
[Annotator "TA"]
[PlyCount "124"]
[EventDate "2018.??.??"]
[EventType "team-tourn"]
[EventCountry "IND"]
[SourceTitle "playchess.com"]
[Source "ChessBase"]
[SourceQuality "1"]

{[%evp 29,124,0,45,39,42,47,44,47,44,44,34,35,48,48,58,44,48,49,57,55,61,47,42,41,50,4,14,14,16,14,20,1,55,39,38,22,39,36,37,0,0,2,25,17,41,25,33,0,31,38,40,40,68,0,61,43,73,77,77,69,114,56,64,31,33,41,61,64,79,75,88,46,83,0,0,0,41,0,0,0,67,0,0,-14,-14,-8,-8,-29,-29,-29,-29,-39,-39,-39,-39,-39,-29]} 1. e4 e5 2. Nf3 Nc6 3. Bb5 a6 4. Ba4 Nf6 5. O-O Be7 6. Re1 b5 7. Bb3 d6 8. c3 O-O 9. h3 Nb8 10. d4 Nbd7 11. Nbd2 Bb7 12. Bc2 Re8 13. Nf1 Bf8 14. Ng3 g6 15. b3 c6 16. Bg5 {C95: Closed Ruy Lopez: Breyer Variation with 10 d4} h6 (16... Bg7 17. Qd2 Nf8 18. Rad1 Qc7 19. Bh6 Ne6 20. b4 a5 21. Bb3 Bc8 22. a3 axb4 23. axb4 Ra3 {0-1 (74) Sethuraman,S (2623)-Ding,L (2755) Hyderabad 2015}) 17. Be3 Qc7 18. Qd2 {White is slightly better.} Kh7 19. Rad1 Rad8 20. Qc1 c5 $146 ({Predecessor:} 20... Bg7 21. b4 c5 22. Qb1 cxd4 23. cxd4 d5 {½-½ (53) Himanshu,S (2469)-Sangma,R (2311) Bhopal 2017}) 21. d5 Bg7 22. c4 b4 23. Nh2 Bc8 24. Rf1 Ng8 25. h4 Ndf6 26. Rd2 Qe7 27. Qd1 h5 28. Bg5 Bh6 $1 29. Qc1 Kg7 30. Re2 Rf8 (30... Bxg5 $11 31. Qxg5 (31. hxg5 Nh7 $17) 31... Kh7) 31. f3 Rde8 32. Qd2 Bxg5 33. Qxg5 Kh8 34. Nh1 Nh7 35. Qxe7 Rxe7 36. a3 {next axb4 is good for White.} bxa3 37. Ra1 f5 38. Nf2 Nhf6 39. Rxa3 fxe4 40. Bxe4 Rg7 41. Nd3 (41. Nf1 $14) 41... Nxe4 (41... Nh6 $11) 42. fxe4 $14 Nf6 43. Nf3 Rb7 44. Ng5 Nh7 45. Rf2 (45. b4 $16) 45... Rxf2 46. Kxf2 Nxg5 47. hxg5 {[%mdl 4096] Endgame KRB-KRN} h4 48. Ke2 Rh7 49. b4 cxb4 50. Nxb4 Rh5 $1 51. Nxa6 (51. Nc6 $16) 51... Rxg5 $11 52. Kf2 {[#] Threatens to win with Nc7.} Rg3 53. Ra4 {Strongly threatening Nc7.} Rc3 54. Nc7 Bg4 ({Better is} 54... Rc2+ $11 55. Kg1 Bd7) 55. Ne8 (55. Nb5 $14 Rc2+ 56. Kg1) 55... Rc2+ 56. Kg1 {[#] aiming for Nf6.} Bd7 57. Ra8 Bxe8 58. Rxe8+ Kg7 59. Re6 Rxc4 60. Rxd6 Rxe4 {Black is slightly better.} 61. Re6 Kf7 62. Kf2 Rd4 {Precision: White = 56%, Black = 61%.} 1/2-1/2

[Event "38th IND-chT 2018"]
[Site "Patia"]
[Date "2018.02.09"]
[Round "2"]
[White "Rajesh, V A V"]
[Black "Kumar, S. (C)"]
[Result "1-0"]
[WhiteElo "2315"]
[BlackElo "1922"]
[Annotator "RC"]
[PlyCount "79"]
[EventDate "2018.??.??"]
[EventType "team-tourn"]
[EventCountry "IND"]
[SourceTitle "playchess.com"]
[Source "ChessBase"]
[SourceQuality "1"]
[TimeControl "5400+30"]

1. d4 Nf6 2. c4 e6 3. Nc3 Bb4 4. e3 c5 5. Bd3 O-O 6. Nge2 d5 7. cxd5 Nxd5 8. O-O cxd4 9. exd4 Nc6 10. Nxd5 Qxd5 11. Qc2 h6 12. Be3 Bd7 13. Be4 Qd6 14. Rfd1 Rac8 15. a3 Ba5 16. Qb3 Bb6 17. d5 Na5 18. Qb4 Qxb4 19. axb4 Bxe3 20. bxa5 Bc5 21. dxe6 Bxe6 22. Bxb7 Rb8 23. a6 Bg4 24. Rdc1 Bb6 25. Nc3 Rfd8 26. Nd5 Bd4 27. h3 Bd7 28. Rc2 Bb5 29. Rd2 Be5 30. Ra5 Bf4 31. Nxf4 Rxd2 32. Rxb5 Re8 33. b4 Re1+ 34. Kh2 g5 35. Rd5 Ra2 36. Nd3 Rd1 37. b5 f5 38. Nb4 Raa1 39. Rxd1 Rxd1 40. b6 1-0

[Event "38th IND-chT 2018"]
[Site "Patia"]
[Date "2018.02.09"]
[Round "2"]
[White "Ram, S. Krishnan"]
[Black "Deepan, Chakkravarthy J."]
[Result "0-1"]
[WhiteElo "2197"]
[BlackElo "2516"]
[Annotator "TA"]
[PlyCount "105"]
[EventDate "2018.??.??"]
[EventType "team-tourn"]
[EventCountry "IND"]
[SourceTitle "playchess.com"]
[Source "ChessBase"]
[SourceQuality "1"]

{[%evp 20,105,22,16,42,7,12,-19,-27,-40,-40,-45,-47,-31,-21,-73,-56,-67,-60,-71,11,-67,-68,-70,-62,-64,-66,-79,-75,-85,-76,-73,-43,-41,-50,-105,-143,-108,-30,-30,-34,-33,-22,-29,-22,-17,-10,-82,-77,-84,-82,-189,-187,-168,-165,-302,-79,-472,-533,-485,-504,-455,-62,-53,-53,-106,-101,-100,-96,-202,-207,-195,-193,-161,-139,-616,-610,-610,-531,-462,-450,-4134,-2552,-3684,-3684,-29951,-12075,-8255]} 1. Nf3 Nf6 2. c4 e6 3. g3 d5 4. Bg2 d4 5. O-O c5 6. e3 Nc6 7. exd4 cxd4 8. d3 Be7 {A13: English Opening: 1...e6} 9. Re1 (9. b3 O-O 10. Na3 e5 11. Nc2 Nd7 12. a3 a5 13. Rb1 Nc5 14. b4 axb4 15. axb4 Na4 16. Bd2 {0-1 (47) Wei,Y (2739)-Karjakin,S (2760) Medias 2017}) 9... O-O 10. Na3 Re8 11. Nc2 {LiveBook: 8 Games} h6 $146 ({Find the theoretical novelty and annotate with similar games:} 11... Bd6 12. Bd2 e5 13. b4 e4 14. dxe4 d3 15. Ne3 Nxe4 16. c5 {½-½ (74) Efimenko,Z (2643)-Sengupta,D (2596) Warsaw 2017}) 12. Rb1 a5 13. b3 Bb4 14. Bd2 e5 15. a3 Bxd2 $1 16. Nxd2 Bf5 17. Ne4 (17. Bf1 $1 $11) 17... Nxe4 $17 18. Bxe4 Bxe4 19. dxe4 f5 (19... Nb8 $17) 20. Qd3 (20. exf5 $11 Qg5 21. Qd3) 20... f4 $15 21. b4 Qf6 22. bxa5 Rf8 23. Rf1 Nxa5 24. Nb4 Rf7 25. Nd5 Qe6 26. gxf4 $1 exf4 27. Kh1 (27. f3 $15) 27... Nc6 $17 28. Rb6 Re8 (28... Qg4 $17 {aiming for ...Ne5.} 29. f3 Ne5) 29. f3 $11 Qh3 {White must now prevent ...Ne5.} 30. Rf2 $1 Rc8 31. c5 Kh8 32. Qd2 Qh4 33. Kg1 (33. Rg2 $11 {remains equal.}) 33... Ra8 $17 34. Qb2 Ne5 {...Nd3 is the strong threat.} 35. Qxd4 (35. Rb3 $17) 35... Qg5+ $19 36. Kf1 Rxa3 37. Nc3 (37. Qd1 {was the only chance.}) 37... Ra1+ $2 (37... Nc6 $19 {has better winning chances.} 38. Qd2 Qxc5) 38. Ke2 $2 {[%mdl 8192]} (38. Nb1 $17 {was the crucial defense.} Ra8 39. Rd6) 38... Nc6 39. Qd5 Qg1 40. Rxc6 {[#] Strongly threatening Rc8+.} Rf8 $2 ({Inferior is} 40... bxc6 41. Qxf7 Qe1+ 42. Kd3 $11) (40... Qe1+ $1 $19 41. Kd3 Ra3 42. Rxh6+ gxh6 43. Qd4+ Kh7) 41. Rxh6+ $1 $15 ({Not} 41. Qd6 $2 Rfa8 $19) 41... gxh6 42. Qe5+ (42. Qd4+ $1 $15 Kh7 43. Kd3) 42... Kg8 $17 43. Qe6+ Rf7 {And now ...Rc1 would win.} 44. Qg4+ (44. Kd3 $17 {was worth a try.}) 44... Qxg4 $19 45. fxg4 {[%mdl 4096] Endgame KRR-KRN} Ra5 46. Nd5 Rxc5 47. Rxf4 $2 {[%mdl 8192]} (47. Kf3 $17) 47... Rxf4 48. Nxf4 {KR-KN} Rc2+ 49. Kd3 Rxh2 50. e5 (50. Nd5 $142 Kf7 51. Ke3) 50... Rh4 51. Nd5 Kf7 52. Ne3 Ke6 (52... Rh3 $142 53. Kd4 {[#]} Rxe3 $1 {[%mdl 512]} 54. Kxe3 Ke6 55. Ke4 b5 56. Kd4 b4 57. Ke4 b3 58. Kd3 Kxe5 59. Kc3 Kf4 60. Kd2 Kxg4 61. Kc3 h5 62. Kb2 h4 63. Kc3 h3 64. Kxb3 h2 65. Ka4 h1=Q 66. Kb5 Qd5+ 67. Kb4 Kf3 68. Kc3 Ke3 69. Kc2 Qb7 70. Kc3 Qb5 71. Kc2 Qb4 72. Kc1 Kd3 73. Kd1 Qd2#) 53. Ke4 {Precision: White = 28%, Black = 58%.} 0-1

[Event "38th IND-chT 2018"]
[Site "Patia"]
[Date "2018.02.09"]
[Round "2"]
[White "Sonkalan, Bharati"]
[Black "Gopal, G.N."]
[Result "0-1"]
[WhiteElo "2164"]
[BlackElo "2593"]
[Annotator "TA"]
[PlyCount "60"]
[EventDate "2018.??.??"]
[EventType "team-tourn"]
[EventCountry "IND"]
[SourceTitle "playchess.com"]
[Source "ChessBase"]
[SourceQuality "1"]

{[%evp 19,60,0,1,0,0,-5,10,-42,0,-72,-72,-70,-62,-74,-50,-60,-51,-141,-134,-153,-127,-179,-179,-215,-251,-344,-299,-577,-518,-864,-866,-1439,-1418,-1522,-1533,-1793,-1481,-29993,-29993,-29995,-29989,-29992,-29993]} 1. e4 c5 2. Nf3 d6 3. d4 cxd4 4. Nxd4 Nf6 5. Nc3 a6 6. Bc4 e6 7. Bb3 Nbd7 8. O-O Nc5 9. f3 {B86: Sicilian Scheveningen/Najdorf: 6 Bc4, without early ...b5} (9. Re1 Be7 10. f4 O-O 11. e5 Ne8 12. Be3 Bd7 13. Bf2 Rc8 14. Ne4 Nxb3 15. axb3 dxe5 16. fxe5 f6 17. exf6 Nxf6 18. Bg3 Qb6 {0-1 (56) Ivanisevic,I (2638)-Cheparinov,I (2688) Minsk 2017}) 9... Be7 10. Be3 O-O {LiveBook: 6 Games} 11. g4 $146 {The position is equal.} ({Predecessor:} 11. Qd2 Qc7 12. Rad1 b5 13. a3 Bb7 14. Ba2 Rad8 15. Qf2 Rfe8 16. Qg3 Bf8 17. Rd2 Ncd7 18. Nde2 Ne5 19. Rfd1 Nfd7 20. Qf2 Rb8 21. Ba7 Rbc8 22. Be3 Nc4 23. Bxc4 Qxc4 24. Nc1 Qc7 {½-½ (24) Sazon,A (2239)-Villarreal,B (2330) ICCF email 2015}) 11... Bd7 12. Qd2 b5 {[%cal Bb7b5,Bb5b4][%mdl 32]} 13. Qg2 (13. a3 $11) 13... Rc8 14. h4 (14. a3 $11 {remains equal.}) 14... b4 $17 15. Nd1 a5 16. c3 Nxb3 17. axb3 g6 18. h5 (18. c4 $15) 18... e5 $36 {[%mdl 2048] Black is on the roll.} 19. Ne2 d5 20. hxg6 (20. g5 $17 {was forced.} Nxh5 21. exd5) 20... fxg6 $19 {...dxe4 is the strong threat.} 21. g5 Nh5 22. exd5 {[#]} Rf5 $1 23. Qf2 $2 (23. Kh1 Nf4 24. Qh2) 23... Bxg5 24. Bb6 (24. c4 $142 a4 25. Bb6) 24... Qf6 25. Rxa5 Bh4 {[%cal Bg5h4,Bh4g3,Bg3f4][%mdl 32]} ({Less strong is} 25... Rxf3 26. Qxf3 Qxb6+ 27. Kh2 $15) 26. Qe3 Rg5+ 27. Kh2 Qf5 {[%csl Gd7][%cal Rf5h3] [#]} 28. Ng1 Bg3+ {Black mates.} 29. Kh1 Bf4 30. Qe1 Ng3+ {Precision: White = 25%, Black = 63%.} 0-1